| 000 | 00335nam a2200121Ia 4500 | ||
|---|---|---|---|
| 008 | 220214s9999 xx 000 0 und d | ||
| 100 | _aCragg J B | ||
| 245 | 0 | _aAction of metaldehyde on the slug argiolimax reticulatus (Muller) | |
| 260 |
_bAnnals of Applied Biology _c1952 |
||
| 300 | _a392-406 | ||
| 700 | _aVincent M H | ||
| 942 | _cRE | ||
| 999 |
_c45930 _d45930 |
||